Návrh a výroba jednostupňovej prevodovky

Uložené v:
Podrobná bibliografia
Hlavný autor: Kovařík, Vlastimil, 1987- (Autor)
Ďalší autori: Kováč, Martin, 1984- (xxx)
Médium: Rukopis Kniha
Jazyk:Slovak
Vydavateľské údaje: Trnava : STU v Bratislave MTF UVTE KOM, 2010
Predmet:
On-line prístup:VAIS
Tagy: Pridať tag
Žiadne tagy, Buďte prvý, kto otaguje tento záznam!

MARC

LEADER 00000ntm a22000003a 4500
001 stu217578
005 20160719160359.5
008 101127s2010----xo------------------slo-d
040 |a STU  |b slo 
041 0 |a slo 
044 |a xo 
100 1 |a Kovařík, Vlastimil,  |d 1987-  |4 aut  |X 48545  |7 A000048545 
242 0 0 |a Planning and production of single-stage gearbox  |y eng 
245 1 |a Návrh a výroba jednostupňovej prevodovky  
260 |a Trnava :  |b STU v Bratislave MTF UVTE KOM,  |c 2010 
650 7 |a počítačová podpora výrobných technológií  |2 stusub 
650 7 |a Computing Support of Manufacturing Technologies  |2 estusub 
650 7 |a hriadeľ  |2 stusub 
700 1 |a Kováč, Martin,  |d 1984-  |4 xxx  |u M3000  |U MTF Materiálovotechnologická fakulta  |T MTF Ústav výrobných technológií  |X 32952  |U M3000  |Y 83  |7 A000032952 
856 4 |a info a plný text  |u http://is.stuba.sk/zp/portal_zp.pl?podrobnosti=47163  |3 VAIS 
996 |c M*BP-5070  |l MMSKP  |s P  |a 0  |w stu217578_0001